Nařízení vlády České republiky č. 253 ze dne 22. dubna 1992 o platových poměrech zaměstnanců orgánů státní správy, některých dalších orgánů a obcí.

Platové triedy a platové stupne. Kvalifikačné predpoklady a požiadavky zaradenia zamestnanca do platovej triedy. Rozhodujúca doba pre zaradenie do platového stupňa. Platový tarif. Osobný príplatok, príplatky za vedenie a zvláštne príplatky. Odmeny.

Salvato in:
Dettagli Bibliografici
Natura: Capitolo di libro
Lingua:ceco
Soggetti:
Tags: Aggiungi Tag
Nessun Tag, puoi essere il primo ad aggiungerne!!

MARC

LEADER 00000naa a2200000 4500
001 r010248
005 20220831090829.3
041 0 |a cze 
044 |a [CS] 
245 1 0 |a Nařízení vlády České republiky č. 253 ze dne 22. dubna 1992 o platových poměrech zaměstnanců orgánů státní správy, některých dalších orgánů a obcí. 
520 |a Platové triedy a platové stupne. Kvalifikačné predpoklady a požiadavky zaradenia zamestnanca do platovej triedy. Rozhodujúca doba pre zaradenie do platového stupňa. Platový tarif. Osobný príplatok, príplatky za vedenie a zvláštne príplatky. Odmeny. 
610 2 0 |a mzdy 
610 2 0 |a tarify mzdové 
610 2 0 |a správa štátna 
610 2 0 |a obce 
610 2 0 |a orgány štátne 
610 2 0 |a zamestnanci 
610 2 0 |a príplatky 
610 2 0 |a odmeny 
610 2 0 |a predpisy právne 
610 2 0 |a Čechy 
610 2 0 |a 1992